[Event "TCh-RUS"]
[Site "Sochi RUS"]
[Date "2005.04.21"]
[Round "3"]
[White "Zvjaginsev, Vadim"]
[Black "Bareev, Evgeny"]
[Result "1-0"]
[WhiteElo "2649"]
[BlackElo "2709"]
[Annotator "Ubilava, E"]
[PlyCount "55"]
[EventDate "2005.04.19"]
[Source "EDAMI"]
[SourceDate "2006.12.20"]

{La inspiración es un factor importante para jugar una buena partida contra un
rival fuerte. La Benoni es un arma de doble filo, pero esta vez Zvjaginsev
consigue construir la estructura Benoni con colores cambiados, o sea con un
tiempo de más. Y este tiempo de ventaja otorga al jugador blanco unas opciones
adicionales que cambia la tendencia a su favor. Cuando Bareev intenta expulsar
el caballo adversario con 16... g5, Vadim ya está preparado para entrar
directamente en acción: 17.Qh5! y 18.f4!. Con su sacrificio posterior de
calidad "Zviagi" debilita el escudo defensivo del rey negro y remata la
partida con su inspirado juego final.} 1. Nf3 d5 2. c4 d4 3. g3 c5 (3... Nc6 {
es otra opción para dejar libre la casilla c5, pero en este tipo de posiciones
camaleónicas, las blancas se sienten bastante cómodas, por el tiempo adicional
que puede proporcionarles diferentes opciones a la hora de elegir su plan de
medio juego.}) 4. e3 Nc6 5. exd4 cxd4 6. Bg2 e5 7. O-O Nf6 8. d3 Bd6 ({
La jugada} 8... Be7 {me parece más precisa.}) 9. Bg5 $1 h6 10. Bxf6 Qxf6 11.
Nbd2 Qe7 12. a3 Bf5 ({La variante} 12... a5 13. Re1 O-O 14. Nxe5 Nxe5 15. f4
Bg4 16. Qc2 Qc7 17. fxe5 Bxe5 {no debe disgustar a las blancas.}) 13. Qe2 O-O (
{Ahora Bareev no tiene tiempo de bloquear el flanco de dama por medio de} 13...
a5 {por} 14. Nh4 Be6 15. Ne4 O-O 16. Nxd6 Qxd6 17. f4 {
con creciente iniciativa para las blancas.}) 14. b4 Rfe8 15. Nh4 Be6 16. Ne4 g5
{diagrama.} ({En caso de} 16... Bc7 17. Qh5 {
Zviaginsev puede romper con f4, pues no vale} Qd7 {por} 18. Nc5) 17. Qh5 $1 Kg7
({No sirve} 17... gxh4 18. Qxh6 f5 19. Qg6+ Kh8 20. Nf6 Bg8 21. Qh6+ Bh7 22.
Nxh7 {y las blancas ganan.}) 18. f4 $1 {La retaguardia llega a tiempo para
ayudar a su ejército. También es muy importante que los peones del flanco de
dama están en una posicion ofensiva para atacar y desorganizar las piezas
menores del enemigo.} exf4 19. gxf4 Bxf4 ({Las negras no pueden tomar la pieza:
} 19... gxh4 20. f5 Bxf5 21. Rxf5 Be5 22. Raf1 Nd8 23. Ng5 Rf8 24. Bd5 f6 25.
Nf3 {
y las casillas blancas se convierten en un pasillo para rematar el rey negro.})
20. Rxf4 $1 gxf4 21. b5 Nd8 22. Rf1 {
Probablemente es una jugada de inercia, porque} (22. Qe5+ {
ya daba ventaja decisiva} f6 23. Qxf4 Nf7 (23... Rg8 24. Rf1) 24. Rf1 Ng5 25.
Nd6 {o} (25. Nxf6)) 22... Qc7 ({No convence} 22... Bc8 23. Rxf4 Qxa3 24. Rf3
Qc1+ 25. Bf1 Kh8 26. Rg3 {y las negras no tienen defensa alguna contra las
múltiples amenazas de su adversario.}) 23. c5 Rg8 24. Nd6 Kf8 ({
Aunque parece difícil de creer, quizás fuera mejor la jugada} 24... Kh7 {
contra lo que las blancas pueden forzar la repetición de la posición después de
} 25. Ne4 ({la continuación} 25. Ndf5 Bxf5 26. Qxf5+ Kg7 27. Rxf4 Qe7 {
todavia permite a Bareev defender la partida .}) 25... Kg7 {y ahora} 26. Kh1 {
otorga clara ventaja a las blancas.}) 25. Kh1 Ke7 26. Qe5 Rg5 27. Nhf5+ Kd7 {
diagrama.} 28. Bxb7 $1 {Las negras abandonan en esta pintoresca posición,
porque después de 28...Nxb7 29.c6+ Kd8 30.Qh8 es mate.} 1-0

[Event "HB Global Chess Challenge"]
[Site "Minneapolis"]
[Date "2005.05.20"]
[Round "4.3"]
[White "Izoria, Zviad"]
[Black "Sokolin, Leonid"]
[Result "1-0"]
[WhiteElo "2602"]
[BlackElo "2513"]
[Annotator "Rahal, M"]
[PlyCount "45"]
[EventDate "2005.05.??"]
[Source "EDAMI"]
[SourceDate "2006.12.20"]

1. d4 Nf6 2. c4 d6 {El MI americano propone la Defensa India Antigua, bastante
flexible ya que permite transponer a la India de Rey.} 3. Nf3 ({
La alternativa principal es} 3. Nc3 e5 {donde} 4. dxe5 dxe5 5. Qxd8+ Kxd8 {
no se considera ventajoso para las blancas.}) 3... Bg4 4. Nc3 Nc6 $5 {
Esta jugada se emplea muy poco, y la verdad es que no parece muy buena ya que
"invita" al avance d4-d5. Normales son 4...Nbd7 seguido de ...e5, o bien 4...
Bxf3 donde las blancas pueden capturar tanto con el peón-g como con el peón-e.}
5. d5 {Lógicamente las blancas ganan espacio atacando el caballo.} Ne5 {
También se han intentado 5...Nb8 y 5...Bxf3 pero en general parece que las
blancas siempre acaban un poco mejor.} 6. Nxe5 dxe5 7. Qb3 {#Según mi base de
datos esta sería la novedad de la partida, aunque es una jugada muy lógica,
atacando el peón de b7 ahora que el alfil está lejos, y desclavando el peón de
rey.} ({Se había jugado} 7. g3 Qc8 8. Bg2 g6 9. c5 Bg7 10. Qa4+ Bd7 11. c6 bxc6
12. dxc6 Bh3 13. O-O h5 14. f3 Be6 15. Be3 h4 16. Rfd1 a6 17. Rd2 Rb8 18. Rad1
hxg3 19. hxg3 Bh6 20. Bxh6 Rxh6 21. Qa5 e4 22. g4 exf3 23. exf3 Rb6 24. Rd8+
Qxd8 25. Rxd8+ Kxd8 26. Na4 Nd5 27. Nxb6 cxb6 28. Qxa6 Bc8 29. c7+ {
1-0 Taimanov,M-Schmid,L/Havana 1967/MCD (29)}) 7... Qc8 8. e4 {Parece claro
que el experimento de las negras no ha funcionado. Las blancas dominan el
centro y no hay compensación por el peón doblado en la columna de rey. Además,
si e7-e6 las blancas pueden intentar f3 y g4 sepultando el alfil blanco en g6.
Por eso, las negras retiran previamente su alfil, pero Izoria, con un juego
enérgico, explota esta perdida de tiempo.} Bd7 9. f4 $1 $16 e6 (9... exf4 10.
Bxf4 {seguido de 11.e5, o bien 10.e5 directamente con esxcelente juego.}) 10.
Be2 {Una jugada modesta, pero Izoria evita las complicaciones que hbueran
surgido de 10.fxe5 Ng4. Con dos partidas cada día, esta postura es muy
adecuada.} exd5 11. fxe5 $1 Nxe4 12. cxd5 Nxc3 13. Qxc3 {# Tras una secuencia
de jugadas bastante forzada, las blancas emergen con dos peones en la quinta
fila, y por tanto una clara ventaja en el medio juego. Ahora, el negro intenta
romper este centro pero su falta de desarrollo le jugará una mala pasada.} c6
$6 ({Mejor era} 13... Be7 14. O-O O-O 15. Be3 {
aunque las blancas retienen una clara ventaja.}) 14. e6 $1 fxe6 15. Bh5+ {
Las negras pierden el derecho al enroque, debido a que 15...g6 es imposible
por 16.Qxh8.} Kd8 16. Bg5+ {No hay nada como desarrollar las piezas dando
jaque a un rey que pasea por el tablero.} Kc7 ({En caso de} 16... Be7 $2 17. d6
$1 Bxg5 18. Qa5+ b6 19. Qxg5# {
es una divertida variante que ilustra los peligros de la posición.}) 17. Bf4+
Kb6 {Esta jugada no es agradable de hacer pero las alternativas tampoco eran
mejores:} ({A)} 17... Kd8 18. dxe6 Bxe6 19. O-O-O+ Bd5 20. Rhe1 $18) ({B)} 
17... Bd6 18. dxc6 Bxc6 19. Bxd6+ Kxd6 20. Qg3+ e5 21. Rd1+ Kc7 22. Qxe5+ Kb6
23. Qd4+ $18) 18. Qb3+ $18 {La ventaja es decisiva, e Izoria rematará en
estilo, castigando de esta forma la apertura de su rival.} Ka6 19. Be2+ b5 20.
a4 $1 {#Muy típico. Cuando vi esta partida me acordé de una de las trampas que
muestro a mis alumnos más jovenes. 1.e4 e5 2.Nf3 f6? 3.Nxe5! fxe5 4.Qh5+ Ke7
(4...g6 5.Qxe5+ y 6.Qxh8) 5.Qxe5+ Kf7 6.Bc4+ Kg6 7.Qf5+ Kh6 8.d4+ g5 9.h4! y
las blancas ganan.} Kb6 21. dxc6 Qxc6 (21... Bxc6 22. Bxb5 a5 23. Be3+ Kc7 24.
Rc1 Bb4+ 25. Ke2 Ra6 26. Qc4 $18) 22. Be3+ Bc5 23. Rc1 1-0

[Event "4NCL/Div 1/GUI2-WG1"]
[Site "West Bromwich ENG"]
[Date "2005.05.01"]
[Round "10.2"]
[White "Shirov, Alexei"]
[Black "Flear, Glenn C"]
[Result "1-0"]
[WhiteElo "2714"]
[BlackElo "2475"]
[Annotator "Shirov, A"]
[PlyCount "63"]
[EventDate "2005.05.01"]
[Source "EDAMI"]
[SourceDate "2006.12.20"]

{En la liga británica conoces el nombre de tu rival sólo una hora antes de
comenzar la partida. Claro que de esta manera apenas hay tiempo para preparar
específicamente la partida - en este caso me concentré especialmente en la
variante Chigorin de la Apertura Española, en la que mi oponente había
empatado frente a Peter Svidler (Liga Francesa 2004). Entre tanto, Glenn se
había decidido por una variante más concreta de la Española Abierta.} 1. e4 e5
2. Nf3 Nc6 3. Bb5 a6 4. Ba4 Nf6 5. O-O Nxe4 6. d4 b5 7. Bb3 d5 8. dxe5 Be6 9.
Nbd2 ({A veces juego también} 9. Be3 {
que es menos compleja pero a la vez menos pretenciosa.}) 9... Nc5 ({
Me decidí por} 9... Be7 {en mi partida contra Ivanchuk en Monaco este año, y
Vassily eligió la variante forzada} 10. Nxe4 dxe4 11. Bxe6 fxe6 12. Ng5 $5 {
Posteriormente, jugó mejor que yo y sólo pude empatar con una gran dosis de
suerte.}) 10. c3 Bg4 $5 {Esta jugada me cogió por sorpresa ya que me pareció
que no es tan popular hoy en día. Curiosamente, también fue empleada por Ivan
Sokolov frente a Emil Sutovsky el día siguiente en el match decisivo Wood
Green-Guilford.} 11. Re1 $5 {Realicé este movimiento tras una larga espera. La
idea era salir de la teoría principal lo antes posible, pero la respuesta
rápida de mi oponente demostró que aún estábamos en su preparación.} (11. Bc2 {
hubiera sido la alternativa principal y que de hecho fue la jugada empleada
por Sutovsky en la partida que acabámos de mencionar. En esa partida, Sokolov
continuó} Ne6 $5 {seguido de Bc5 pero acabó perdiendo tras una lucha
complicada. No obstante, es bastante posible que su derrota no se debió a la
apertura.}) 11... d4 $5 {!Una jugada impresionante! El negro abre la diagonal
para el alfil blanco, y además se retrasa en el desarrollo, pero sin embargo
la lucha por el centro parece bastante aceptable, tal vez debido al
emplazamiento torpe de las piezas blancas.} ({
Me había concentrado básicamente en} 11... Nd3 12. Re3 Nxc1 13. Rxc1 Bc5 14.
Rd3 $1 Be6 15. Qe2 $5 {con idea de c4! y parece que las blancas tienen cierta
iniciativa en esta variante.}) 12. h3 ({
No entiendo porqué gasté tiempo calculando} 12. Ne4 {
ya que no hay nada para las blancas tras} Nxb3 {Aún así, debo admitir que las
las blancas no tienen muchas ideas para luchar por la ventaja.}) 12... Bh5 13.
g4 ({Quizás podía intentar} 13. e6 {pero no tenía claro como seguir tras} f5 $5
(13... fxe6 14. Bxe6 Be7 {también sería posible})) 13... Bg6 $1 ({
Evitando correctamente} 13... dxc3 14. gxh5 cxd2 15. Bxd2 {
y no hay buena defensa contra la amenaza 16.Rc1.}) 14. Nxd4 (14. Ng5 $5 {
(en analogia con la famosa variante 10...d4 11.Ng5!?) también era posible aquí
pero hubiera permitido un interesante sacrificio de peón, porejemplo} Nxb3 15.
Nxb3 Qd5 $5 16. Nxd4 O-O-O $1 $44) 14... Nxd4 15. cxd4 Qxd4 (15... Nd3 {
fallaba debido a al bonito sacrificio de torre -} 16. Qf3 $1 Nxe1 17. Qc6+ Ke7
18. Nf1 $1 {# (diagrama) pero claro, es una variante bastante sencilla de ver.
Aún así, la posición final es bastante divertida: el rey negro en e7 impide la
salida al alfil en f8, que a su vez no puede desarrollarse porque el otro
alfil en g6 bloquea el paso al peón g7.}) 16. Qf3 Rd8 ({
Realmente no esperaba que mi rival jugara} 16... O-O-O {
y el análisis demuestra que} 17. Qa8+ (17. Bxf7 Bxf7 18. Qxf7 Qd5 $1 {
no está tan claro}) 17... Kd7 18. Qg2 $1 {
y las blancas están mejor, por ejemplo} Nd3 19. e6+ Ke7 20. Re3 f6 21. Nf3 Qc5
22. Qf1 $1 $16 {con idea de 23.Nh4}) 17. Nf1 $5 {En este momento comenzaba a
tener problemas de tiempo, pero sentía que la única manera de ganar la partida
sería creando variantes complejas.} (17. e6 {
hubiera sido una jugada menos arriesgada pero no vi nada real después de} fxe6
18. Bxe6 Nxe6 19. Rxe6+ Be7 20. Nf1 Qd5 $1 {por ejemplo} 21. Qxd5 Rxd5 22. Bg5
(22. Rxa6 O-O $44) 22... Rxg5 23. Rae1 Kd8 $1 24. Rxe7 Re8 25. Rxe8+ Bxe8 $11)
17... Nxb3 {Esta captura natural es lo que esperaba durante la partida pero la
computadora ofrece también una alternativa razonable -} (17... Qd3 $5 {
que obliga a las blancas a elegir un final aproximadamente igualado tras} 18.
Qc6+ ({las variantes como} 18. Ne3 Nxb3 19. axb3 Be4 20. Qf4 Bb7 {o}) (18. Be3
Nxb3 19. Qc6+ Qd7 20. Qxd7+ Kxd7 21. axb3 Bb4) ({or} 18. Re3 $6 Qd7 {
sólo favorecen a las negras}) 18... Qd7 19. Bd5 $1 Nd3 20. Bg5 $1 ({no} 20. e6
$6 Qxc6 21. Bxc6+ Ke7) 20... Nxe1 21. Bxd8 ({el sacrificio de calidad} 21. Rxe1
{es probablemente malo en vista de} Be7 22. e6 Qxc6 23. exf7+ Kd7 24. Rxe7+ Kd6
25. Bxc6 Kxc6) 21... Qxc6 22. Bxc6+ Kxd8 23. Rxe1 {.}) 18. e6 $1 {Esto es la
ea tras 17.Nf1, claro. De otra forma, las negras jugarían 17...Bb4 con ganacia
de tiempo y mejores perspectivas.} Bb4 {# (diagrama) De nuevo, Flear hace la
jugada que había anticipado y hay una alternativa que ninguno de los dos
consideramos seriamente durante la partida.} ({Tras} 18... Be7 $5 19. Qc6+ (19.
exf7+ Bxf7 20. axb3 Bd5 $1 {
no es especialmente atractivo para las blancas, por ejemplo} 21. Rxe7+ Kxe7 22.
Bg5+ Kd7 23. Qf5+ Kc6 24. Bxd8 Rxd8 25. Ne3 Qxb2 $1 26. Rb1 (26. Rd1 Qxb3)
26... Qc3 27. b4 Ba2 $5 28. Qf3+ Bd5 {con tablas forzadas}) 19... Kf8 20. axb3
{las negras tendrían la fuerte jugada intermedia} Qb4 $1 {y tras} 21. Be3 fxe6
22. Qxe6 Bf7 {la posición es muy complicada con los dos reyes en una situación
potencialmente peligrosa.}) 19. axb3 $1 {
Complicando la partida al máximo. Podía haber intercalado el jaque} (19. Qc6+ {
pero entonces las negras podrían jugar, tras} Kf8 20. axb3 {
la opción addicional} fxe6 {y aunque parece que las blancas están un poco
mejor en el final que surge después de} 21. Rxe6 Bf7 22. Be3 Qd5 23. Qxd5 Rxd5
24. Rexa6 {creo que las negras pueden aguantar la posición con un juego
preciso, por ejemplo} Ke7 25. Bf4 Bd6 $1 26. Bxd6+ Rxd6 $14 {Por supuesto, 20..
.Bxe1 es probablemente más fuerte que 20...fxe6 pero esta jugada llevaría a la
partida tras 21.Be3.}) ({También debería mencionar que la natural} 19. exf7+ {
solamente me haría lamentar el haber jugado 17.Nf1, ya que sería el blanco el
que tendría que luchar por las tablastras} Kf8 20. Re8+ Rxe8 21. fxe8=Q+ Kxe8
22. axb3 Rf8 $1 23. Qc6+ (23. Qe2+ Kf7 24. Rxa6 Kg8 $1 {es muy peligroso para
las blancas ya que todas las piezas negras están extremadamente activas}) 23...
Qd7 24. Qxd7+ Kxd7 25. Rxa6 Rf3 {etc...}) 19... Bxe1 {
Esta vez la respuesta natural también es la correcta. Tras} (19... O-O 20. e7
$1 Bxe1 21. Be3 $1 {las blancas no sólo recuperan la torre sacrificada, sino
que además ganan una pieza sin que las negras obtengan suficiente compensación,
por ejemplo} Qxb2 (21... Qb4 22. exf8=Q+ Rxf8 23. Qe2 $16) 22. Rxe1 Qxb3 23.
Qc6 $1) 20. Qc6+ Kf8 21. Be3 Qd6 $4 {Tras esta jugada desesperada la partida
ha terminado. Tanto a mi oponente como yo se nos pasó por alto (bueno, de
hecho sí lo vi pero bastante después de jugar 17.Nf1, demasiado tarde para
volver atrás) que tras 21...Qf6! las cosas están muy poco claras. Ciertamente,
después de} (21... Qe4 {(que me llevó mucho tiempo calcular con antelación) se
refutaría simplemente con} 22. Bc5+ $1 Kg8 23. exf7+ Kxf7 24. Qxc7+ Ke8 25.
Qxg7 $18) ({pero como mencioné} 21... Qf6 $1 {
era la buena. La mejor opción para las blancas sería} 22. Bc5+ (22. e7+ Qxe7
23. Bc5 Rd6 24. Rxa6 f6 $1 {no lleva a ninguna parte}) 22... Kg8 23. Rxe1 fxe6
24. Rxe6 {pero no es facil encontrar la manera de jugar a ganar tras} Qf7 $1 ({
no} 24... Qf4 $2 25. Ne3 $1) 25. Re7 ({esta vez} 25. Ne3 {falla por} Qd7 26.
Qxa6 Re8) 25... Qf6 {# (diagrama) La primera impresión es que las negras
tienen problemas debido a la estúpida torre en h8 pero de hecho en cuanto
juegue h5! todas sus piezas participan en la partida. Analizando la posición
con la computadora llegué a la conclusión de que las blancas aún pueden jugar
con} 26. Qxc7 ({
en la partida, debido al apuro de tiempo, hubiera elegido con toda probabilidad
} 26. Re6 {y se hubieran acordado las tablas tras} Qf7) 26... Re8 27. Rd7 $5 ({
tanto} 27. Ne3 Rxe7 28. Bxe7 Qf7) ({como} 27. Rxe8+ Bxe8 28. Ne3 h5 29. Nf5
hxg4 30. hxg4 Qg5 {
dejan a las blancas sin ninguna compensación por la calidad a largo plazo})
27... Bf7 28. f4 $5 ({de nuevo no} 28. Ne3 h5 $1) {aunque después de} 28... h5
{las negras están bien, por lo que las blancas sólo tiene una variante
complicada de tablas que comienza con} 29. Bd4 Qe6 30. f5 Qe4 31. Bf2 hxg4 32.
Rxf7 Rxh3 33. Rxg7+ Kh8 34. Nh2 Qb1+ 35. Kg2 Qe4+ 36. Kg1 $11) 22. Bc5 {
De aquí hasta el final sólo tenía que pelear contra el reloj, aunque con 15
minutos que me quedaban la verdad es que no era muy dificil.} Bb4 23. Bxd6+
Bxd6 24. exf7 {Lo más simple. La ventaja de mi mayoría de peones en el flanco
de rey es que las negras no podrán cubrir a su propio rey con tanto facilidad.
Las blancas sólo tienen que activar a su caballo y torre para provocar más
cambios favorables y también para crear más amenazas.} h5 $6 {
Esto pierde tiempo pero} (24... Bxf7 25. Rxa6 {también es desesperado}) 25.
Rxa6 hxg4 26. hxg4 b4 27. Ne3 {Ahora las negras están completamente perdidas.}
Bxf7 28. Ra8 Re8 29. Nf5 Bh2+ 30. Kg2 Rxa8 31. Qxa8+ Be8 32. Qd8 1-0